00433nam a2200169Ia 450000500170000000800410001702000140005804100080007208200150008010000110009524500540010626000260016030000090018650000290019565000280022470000110025220251120161811.0230125s9999 xx 000 0 und d a749925337 aeng a158.1bJEO aJeon A aCity Dharma - A Guide to Stress Free Urban Living c2004bPiatkusaLondon a387p aPersonality Development  aPersonality Development aJeon A